Evidence-based counselling and psychological therapies (Record no. 124554)

MARC details
000 -LEADER
fixed length control field 01617nam a22003854a 4500
001 - CONTROL NUMBER
control field vtls003158689
003 - CONTROL NUMBER IDENTIFIER
control field MY-SjTCS
005 - DATE AND TIME OF LATEST TRANSACTION
control field 20200226113942.0
006 - FIXED-LENGTH DATA ELEMENTS--ADDITIONAL MATERIAL CHARACTERISTICS
fixed length control field m u
007 - PHYSICAL DESCRIPTION FIXED FIELD--GENERAL INFORMATION
fixed length control field cr cn|||||||||
008 - FIXED-LENGTH DATA ELEMENTS--GENERAL INFORMATION
fixed length control field 100712s2000 enk sb 001 0 eng
010 ## - LIBRARY OF CONGRESS CONTROL NUMBER
Canceled/invalid LC control number 00-021257
020 ## - INTERNATIONAL STANDARD BOOK NUMBER
Canceled/invalid ISBN 0415205069 (hbk)
020 ## - INTERNATIONAL STANDARD BOOK NUMBER
Canceled/invalid ISBN 0415205077 (pbk)
035 ## - SYSTEM CONTROL NUMBER
System control number (CaPaEBR)ebr5003533
039 #9 - LEVEL OF BIBLIOGRAPHIC CONTROL AND CODING DETAIL [OBSOLETE]
-- 201007121330
-- VLOAD
040 ## - CATALOGING SOURCE
Original cataloging agency CaPaEBR
Transcribing agency CaPaEBR
050 14 - LIBRARY OF CONGRESS CALL NUMBER
Classification number RC480.75
Item number .E95 2000eb
082 04 - DEWEY DECIMAL CLASSIFICATION NUMBER
Classification number 362.2/0941
Edition number 21
245 00 - TITLE STATEMENT
Title Evidence-based counselling and psychological therapies
Medium [electronic resource] :
Remainder of title research and applications /
Statement of responsibility, etc. edited by Nancy Rowland and Stephen Goss.
260 ## - PUBLICATION, DISTRIBUTION, ETC.
Place of publication, distribution, etc. London ;
-- Philadelphia :
Name of publisher, distributor, etc. Routledge,
Date of publication, distribution, etc. 2000.
300 ## - PHYSICAL DESCRIPTION
Extent xvi, 216 p. ;
Dimensions 23 cm.
504 ## - BIBLIOGRAPHY, ETC. NOTE
Bibliography, etc. note Includes bibliographical references and index.
529 ## -
-- TSLHHL
533 ## - REPRODUCTION NOTE
Type of reproduction Electronic reproduction.
Place of reproduction Palo Alto, Calif. :
Agency responsible for reproduction ebrary,
Date of reproduction 2005.
Note about reproduction Available via World Wide Web.
-- Access may be limited to ebrary affiliated libraries.
650 #0 - SUBJECT ADDED ENTRY--TOPICAL TERM
Topical term or geographic name entry element Psychotherapy
General subdivision Outcome assessment
Geographic subdivision Great Britain.
650 #0 - SUBJECT ADDED ENTRY--TOPICAL TERM
Topical term or geographic name entry element Mental health policy
Geographic subdivision Great Britain.
650 #0 - SUBJECT ADDED ENTRY--TOPICAL TERM
Topical term or geographic name entry element Evidence-based medicine
Geographic subdivision Great Britain.
650 #0 - SUBJECT ADDED ENTRY--TOPICAL TERM
Topical term or geographic name entry element National health services
Geographic subdivision Great Britain
General subdivision Administration.
655 #7 - INDEX TERM--GENRE/FORM
Genre/form data or focus term Electronic books.
Source of term local
700 1# - ADDED ENTRY--PERSONAL NAME
Personal name Rowland, Nancy,
Dates associated with a name 1954-
700 1# - ADDED ENTRY--PERSONAL NAME
Personal name Goss, Stephen,
Dates associated with a name 1966-
710 2# - ADDED ENTRY--CORPORATE NAME
Corporate name or jurisdiction name as entry element ebrary, Inc.
9 (RLIN) 25628
856 40 - ELECTRONIC LOCATION AND ACCESS
Uniform Resource Identifier https://ezproxy.taylors.edu.my/login?url=http://site.ebrary.com/lib/taylorscollege/Doc?id=5003533
Public note An electronic book accessible through the World Wide Web; click to view
Holdings
Withdrawn status Lost status Damaged status Not for loan Home library Current library Date acquired Total Checkouts Date last seen Price effective from Koha item type
      e-book Taylor's Library-TU Taylor's Library-TU 07/02/2020   07/02/2020 07/02/2020 E-Book